000 00801nam a2200253Ia 4500
003 OSt
005 20220923225431.0
006 a|||||r|||| 00| 0
007 ta
008 220922b |||||||| |||| 00| 0 hin d
024 _a268,069
037 _cTextual
040 _aARTS
_cARTS
_bhin
041 _2hin
_ahin
082 _aQ125:26:g(R), 152M4
100 _aवैदिक, वेदवती
_9156318
245 0 _aश्वेताश्वतर उपनिषद्
_b दार्शनिक अध्ययन
246 _aShvetāshvatar upaniṣhad: dārshanik adhyayana
260 _c1984
300 _a282पृ.
_ccm.
650 _aधर्म
942 _hQ125:26:g(R), 152M4
_cTEXL
_2CC
999 _c378278
_d378278